| 000 | 00672nam a22002177a 4500 | ||
|---|---|---|---|
| 005 | 20170124105945.0 | ||
| 010 | _aA-680582 | ||
| 020 |
_c00.00 _a0415051819 |
||
| 037 | _bCen Lib/Ret | ||
| 040 |
_aDPL _bEN |
||
| 082 |
_a230 _bLIP |
||
| 100 |
_aLipner, Julius _912030 |
||
| 245 |
_aHindus : _cby Julius Lipner _btheir religious belifs and prctices / |
||
| 260 |
_bRoutledge _aLondon _c1994 |
||
| 270 |
_a11 New Fetter Lane _bLondon _eEC4P 4EE |
||
| 300 |
_axiii,375p. _c21m(Hb) |
||
| 500 | _aIncludes bibliographical references and index. | ||
| 650 |
_aHinduism _912031 |
||
| 650 |
_aHindus Philosophy _912032 |
||
| 942 |
_2ddc _cEN _h230 _mLIP |
||
| 999 |
_c124813 _d124813 |
||